| 000 | 00893nam a2200277Ia 4500 | ||
|---|---|---|---|
| 003 | OSt | ||
| 005 | 20220928123941.0 | ||
| 006 | a|||||r|||| 00| 0 | ||
| 007 | ta | ||
| 008 | 220927b |||||||| |||| 00| 0 eng d | ||
| 020 | _cUKP 120.00 | ||
| 024 | _a144817 | ||
| 037 |
_b31, 10/03/2021, Shivam Book Service _cTextual |
||
| 040 |
_aSDCL _cSDCL _beng |
||
| 041 |
_2eng _aeng |
||
| 082 | _aW:91, Q9 | ||
| 100 |
_aEraydin Ayda Ed. _9462497 |
||
| 245 | 0 |
_aPolitics and conflict in governance and planning _b Theory and practice |
|
| 260 |
_aNew York _b Routledge _c2019 |
||
| 300 |
_axv,260p. _ccm. |
||
| 490 | _aRoutledge research in urban politics and policy | ||
| 650 | _aPolitical Science | ||
| 700 |
_a Frey Klaus Ed. _9462498 |
||
| 942 |
_hW:91, Q9 _cTEXL _2CC |
||
| 999 |
_c775473 _d775473 |
||